000 00579nam a22001937a 4500
005 20251108172145.0
008 250721s9999 xx 000 0 ara d
082 1 4 _aط/ق/ديز
100 1 _aديزني، والت
245 1 0 _aبلوتو يقدم لك عائلة الكلاب السعيدة /
264 1 _aبيروت :
_bدار الشروق للنشر،
_c[19-].
300 _a
490 0 _aسلسلة والت ديزني
650 1 7 _aالأدب المترجم
650 1 7 _aالقصص
650 1 7 _aأدب الأطفال
942 _2ddc
_cBK
999 _c71842
_d71842